Giáo trình múa
שמור ב:
| מחבר ראשי: | |
|---|---|
| פורמט: | ספר |
| יצא לאור: |
H.
Đại học sư phạm
2008
|
| תגים: |
הוספת תג
אין תגיות, היה/י הראשונ/ה לתייג את הרשומה!
|
| Thư viện lưu trữ: | Mạng thư viện Đại học Đà Nẵng |
|---|
| LEADER | 00913nam a2200229 4500 | ||
|---|---|---|---|
| 001 | 000019728 | ||
| 003 | 16167 | ||
| 005 | 20150812150853.0 | ||
| 008 | 140820s2008 sd | ||
| 100 | 1 | |a Trần Minh Trí | |
| 245 | 1 | 0 | |a Giáo trình múa |c Trần Minh Trí |
| 260 | |a H. |b Đại học sư phạm |c 2008 | ||
| 774 | |a Trần Minh Trí |d Đại học Sư phạm |d 2008 |d H. |g T.2 |h 65 tr. |n ĐTTS ghi: Bộ Giáo dục và Đào tạo. Dự án Đào tạo giáo viên THCS |t Giáo trình múa |w 16168 | ||
| 774 | |a Trần Minh Trí |d H. |d Đại học Sư phạm |d 2008 |g Tập 2 |h 65tr. |n ĐTTS ghi: Bộ Giáo dục và Đào tạo. Dự án Đào tạo giáo viên THCS |t Giáo trình múa |w 20693 | ||
| OWN | |a LSP | ||
| 999 | |a From the UDN01 | ||
| TYP | |a Monograph | ||
| TYP | |a Printed language | ||
| 980 | |a Mạng thư viện Đại học Đà Nẵng | ||